000 00724nam a2200229 a 4500
999 _c5980
_d5980
001 5980
003 BD-JhCC
005 20171231165209.0
008 171231s1968 bg |||| ||a| 000 0 ben d
035 _a(BD-JhCC)5980
040 _aBD-JhCC
_dBD-JhCC
041 _aben
082 _a600
_bBAR 1968
100 _aবার্লিংগেম, রোজার
245 _aযন্ত্রেগড়া আমেরিকা /
_cরোজার বার্লিংগেম
260 _aঢাকা :
_bখোশরোজ কিতাব মহল,
_c১৯৬৮.
300 _a186 p. :
_c21 cm.
650 _aApplied Science
700 _aজব্বার, এম. এ.
942 _2ddc
_cBK